000 00634nam a2200181 i 4500
001 139312
003 ES-MaACL
005 20230906195748.0
007 t|
008 070214s1922 sp r ||||1| spa d
100 1 _aSarthou Carreres, Carlos.
_9103879
245 1 3 _aEl alcázar setabense
_b: impresiones de una visita al histórico castillo de Játiva /
_cCarlos Sarthou Carreres.
260 _aValencia :
_b[s.n.],
_c1922 (
_fTip. Moderna)
300 _a94 p., [1] h. pleg. :
_bil. ;
_c19 cm.
610 2 4 _aCastillo de Xàtiva.
_9154099
651 4 _aXàtiva-
_xEdificios, estructuras, etc.
_9154100
852 _aES-MaACL
_j1625-F-6
999 _c139312
_d139312